History Quiz

Random History or Year Quiz

Historical Events of 2006 Quiz Stats

 Plays Quiz Updated Jan 25, 2016

Support Sporcle.
Go Orange.
Score 0/20 Timer 10:00
3 Plays Today
Clue Answer % Correct
Celebrations are held to honor the 250th anniversary of the birth of this Salzburg-born composerWolfgang Amadeus Mozart
86%
The International Astronomical Union demotes this astronomical body from 'planet' to 'dwarf planet'Pluto
85.5%
This country claims to have conducted its first nuclear testNorth Korea
84%
This former president of Iraq is executed in BaghdadSaddam Hussein
81.6%
The Bush administration officially reports that this vice president shot Harry Whittington during a hunting tripDick Cheney
75.7%
Nintendo releases this video game consoleWii
73.7%
This second installment of the swashbuckling Disney series is released, going on to become the highest-grossing film of the yearPirates of the Caribbean: Dead Man's Chest
70.9%
This country wins its fourth FIFA World Cup titleItaly
70.4%
The first recorded U.K. instance of this disease is found in a swan in ScotlandH5N1 ('Bird flu')
65.8%
This artist's 'The Scream' is recovered in a police raid in Oslo, NorwayEdvard Munch
57.1%
Clue Answer % Correct
A 6.3 magnitude earthquake devastates this Southeast Asian countryIndonesia
56.7%
The final book in this children's series, written by 'Lemony Snicket', is releasedA Series of Unfortunate Events
55.7%
The 2006 Winter Olympics are held in this European cityTurin, Italy
53.1%
This musician releases her first single, 'Tim McGraw'Taylor Swift
51.8%
Google announced that it would purchase this website for $1.65 billion USDYouTube
47.5%
Andrew Fire and Craig Mello receive their Nobel Prize in Physiology or Medicine for their research on this 3-letter biological moleculeRNA
45.5%
Cormac McCarthy releases this post-apocalyptic novel, which is later awarded the Pulitzer Prize for Fiction The Road
35.7%
This prime minister of Israel suffers a hemorrhagic strokeAriel Sharon
30%
This film receives the Oscar for Best Picture at the 78th Academy AwardsCrash
28.9%
He is named the winner of the Tour de France, though he later loses this title due to a failed drug testFloyd Landis
16.2%

You're not logged in!

Compare scores with friends on all Sporcle quizzes.
OR
Log In

From the Vault

Movies Speed-Picking

by BillyJoelRulez

It's the Sporcle equivalent to fast-forwarding.
Remove Ads.
Support Sporcle.
Get the best of Sporcle when you Go Orange. This ad-free experience offers more features, more stats, and more fun while also helping to support Sporcle. Thank you for becoming a member.

Show Comments

Extras

Top Quizzes Today


Score Distribution

Your Account Isn't Verified!

In order to create a playlist on Sporcle, you need to verify the email address you used during registration. Go to your Sporcle Settings to finish the process.

Report this User

Report this user for behavior that violates our Community Guidelines.

Details: